000 005240000a22001930004500
001 002074
003 MACL
005 20150705115919.0
008 150705b xxu||||| |||| 00| 0 eng d
040 _aMACL
_cMACL
041 _aEnglish
082 _a306.08/KOR
100 _aKornel, Das
_9729
245 _aTribal Cultural Heritage And Cult
_bThe Gutob Gardaba Tribe Of Orrissa
_cDas Kornel
260 _aBhubaneswar
_c1999
_bThe Morden Book Depot,
350 _a250
650 _aSocial Science
_929
942 _k306
_cBK
_2ddc
999 _c13990
_d13990